Meet Samantha, an American girl / (Record no. 13379)

000 -LEADER
fixed length control field 00791cam a2200229 a 4500
020 ## - INTERNATIONAL STANDARD BOOK NUMBER
ISBN 0937295035 :
020 ## - INTERNATIONAL STANDARD BOOK NUMBER
ISBN 0937295043 (pbk.) :
040 ## - CATALOGING SOURCE
Transcribing agency DLC
082 00 - DEWEY DECIMAL CLASSIFICATION NUMBER
Classification number 365 PLE 1986 A011 Or.
100 1# - MAIN ENTRY--AUTHOR NAME
Personal name Adler, Susan S.,
245 10 - TITLE STATEMENT
Title Meet Samantha, an American girl /
250 ## - EDITION STATEMENT
Edition statement 1st ed.
260 ## - PUBLICATION, DISTRIBUTION, ETC. (IMPRINT)
Place of publication Madison, Wis. :
Name of publisher Pleasant Co.,
Year of publication c1986.
300 ## - PHYSICAL DESCRIPTION
Number of Pages 61 p. :
Other physical details ill. (some col.) ;
Dimensions 23 cm.
520 ## - SUMMARY, ETC.
Summary, etc In 1904, nine-year-old Samantha, an orphan living with her wealthy grandmother, and her servant friend Nellie have a midnight adventure when they try to find out what has happened to the seamstress who suddenly left her job.
650 #1 - SUBJECT ADDED ENTRY--TOPICAL TERM
Topical Term Friendship
650 #1 - SUBJECT ADDED ENTRY--TOPICAL TERM
Topical Term Orphans
650 #1 - SUBJECT ADDED ENTRY--TOPICAL TERM
Topical Term Household employees
650 #1 - SUBJECT ADDED ENTRY--TOPICAL TERM
Topical Term Women
700 1# - ADDED ENTRY--PERSONAL NAME
Personal name Niles, Nancy,
942 ## - ADDED ENTRY ELEMENTS (KOHA)
Koha item type សៀវភៅភាសាអង់គ្លេស
952 ## - LOCATION AND ITEM INFORMATION (KOHA)
Withdrawn status [LOCAL, KOHA] 0
Holdings
Permanent Location Date acquired Koha item type Lost status Shelving location Barcode Current Location Full call number
Library Block A2017-08-25សៀវភៅភាសាអង់គ្លេស A011A22215Library Block A365 PLE 1986 A011 Or.
មជ្ឈមណ្ឌលឯការនៃសាកលវិទ្យាល័យភូមិន្ទកសិកម្មចំការដូង

Powered by Koha